| 000 | 00676nam a2200193Ia 4500 | ||
|---|---|---|---|
| 008 | 151121s9999||||xx |||||||||||||| ||und|| | ||
| 082 | _a530।11/टोळे | ||
| 082 | _bHNW-11950 | ||
| 100 | _aटोळे माणिक गणेश | ||
| 245 | _aव्यापक सापेक्षवाद | ||
| 260 | _bटोळे मा। ग। सोलापूर | ||
| 260 | _c-- | ||
| 300 | _a109 | ||
| 600 | _aटोळे माणिक गणेश | ||
| 630 | _aव्यापक सापेक्षवाद | ||
| 700 | _aटोळे माणिक गणेश | ||
| 730 | _aव्यापक सापेक्षवाद | ||
| 942 | _cBOOK | ||
| 999 |
_c1216598 _d1216595 |
||